Capitales avec la lettre I comme troisième lettre - Statistiques

Statistiques générales
  • Ce quiz a été pris 122 fois
  • Le résultat moyen est 10 sur 16
Statistiques - réponses
Réponse % Correct
Quito
74%
Saint-Marin
74%
Pristina
71%
Tripoli
71%
Chisinau
68%
Nairobi
68%
Tbilissi
68%
Saint-Domingue
66%
Saint John’s
66%
Taipei
63%
Saint-Georges
62%
Djibouti
58%
Bridgetown
55%
Apia
54%
Sri Jayawardenapura Kotte
49%
Thimphou
49%
Aucun quiz correspondant
Distribution des résultats
% des personnes avec chaque résultat
Percentile par nombre de réponses
Votre historique - résultats
Vous n’avez pas pris ce quiz